| 000 | 00460nam a2200193Ia 4500 | ||
|---|---|---|---|
| 003 | GCL | ||
| 008 | 140319s9999 xx 000 0 eng d | ||
| 040 |
_aGCL / _cGCL |
||
| 082 | 0 | 4 |
_aCH _b745.592 _bB P |
| 100 | 1 | _aBERNADETT, THEULET LUIZE | |
| 245 | 1 | 0 |
_aPATEA SEL FACILE / _cBERNADETT, THEULET LUIZE |
| 300 | _a57 P | ||
| 650 | 0 | 4 | _aHANDICRAFTS |
| 650 | 0 | 4 | _aCHILDREN |
| 650 | 0 | 4 | _aARTS |
| 650 | 0 | 4 | _aDECORATIVE ARTS |
| 650 | 0 | 4 | _aTOYS |
| 942 |
_2ddc _cBK |
||
| 999 |
_c15086 _d15086 |
||